| 000 | 00945cam a2200217 4500 | ||
|---|---|---|---|
| 001 | WB3833-08 | ||
| 008 | 020910n2002 000 0 eng u | ||
| 035 | _a(Sirsi) u119647 | ||
| 245 | _aEuropean rental growth falls | ||
| 260 | _c2002 | ||
| 490 |
_aRetail Week _v6 September 2002, 1(1) |
||
| 520 | _aGrowth of prime European rents has fallen to 1.9% per annum in the first half of 2002 in response to a slowdown in demand for retail space according to CB Hillier Parker's latest Retail Market Index. Over the past three months rents remained static across the bulk of Europe. The index is available at http://www.cbhillierparker.com/pdf/research/EMEAretailQ2_2002.pdf | ||
| 590 | _aWB | ||
| 650 | _aPRIME RENTS | ||
| 650 | _aPARIS | ||
| 650 | _aBARCELONA | ||
| 650 | _aPROPERTY-COMMERCIAL PROPERTY-RETAIL PROPERTY-RETAIL PROPERTY MARKET | ||
| 650 | _aEUROPE | ||
| 690 | _aPROPERTY-COMMERCIAL PROPERTY-RETAIL PROPERTY | ||
| 942 | _n0 | ||
| 999 |
_c71124 _d71124 |
||